Európske trendy vo vzdelávaní k podnikateľstvu

Situácia v krajinách Európskej únie. Vzdelávanie k podnikateľstvu, k podnikovej ekonomike a k manažmentu na EU Bratislava. Výchova k podnikateľstvu na stredných školách a pre prax na EU Bratislava. Spätná väzba ako pomocník merania kvality vzdelávania.

Enregistré dans:
Détails bibliographiques
Auteur principal: Šúbertová, Elena
Format: Chapitre de livre
Langue:slovaque
Sujets:
Tags: Ajouter un tag
Pas de tags, Soyez le premier à ajouter un tag!

MARC

LEADER 00000naa$a2200000$$$4500
001 0091069
005 20240502083231.9
041 0 |a slo 
044 |a CZ 
245 1 0 |a Európske trendy vo vzdelávaní k podnikateľstvu  |c Elena Šúbertová 
520 |a Situácia v krajinách Európskej únie. Vzdelávanie k podnikateľstvu, k podnikovej ekonomike a k manažmentu na EU Bratislava. Výchova k podnikateľstvu na stredných školách a pre prax na EU Bratislava. Spätná väzba ako pomocník merania kvality vzdelávania. 
610 2 0 |a vzdelávanie 
610 2 0 |a podnikanie 
610 2 0 |a Európska únia 
610 2 0 |a univerzity 
610 2 0 |a Slovensko 
100 1 |a Šúbertová, Elena